000 00717nam a2200277Ia 4500
001 44142
005 20240114003617.0
007 ta
008 090222s1968 g b000 u u
020 _cHB
040 _aCotton College,Assam
082 _a891.4141
_bB 469 Sa
100 _aBhaduri, Tarunkumar .
245 0 _aSandha Bontir Sikha /
_cTarunkumar Bhaduri.
_hTextual Documents
250 _a2nd ed /
260 _aGuwahati :
_bLBS Publication ,
_c1968.
300 _a132p ;
_c23 cm.
653 _aAssamese Literature
653 _aT/G-Assamese Literature
942 _2ddc
_cBK
999 _c44108
_d44108